00517nam a2200169Ia 4500008004100000041000800041082001400049100003000063245005200093250000800145260004700153300000700200650002200207942000700229952009600236999001500332230711s9999||||xx |||||||||||||| ||und|| aENG a624bBU-I aBureau of Indian Standard 0aIS : 2720 Pt XIbMethod of test for soils Pt XI a1st c1971aNew DelhibBureau of Indian Standard a13 aCivil Engineering cBK 001040708RaMCLbMCLd0000-00-00l0o624 BU-Ip7650r2023-08-17 14:41:24w2023-08-17yBK c7915d7915